Kalendár Slovák-a pre slovenský ľud na priestupný, ... dní majúci rok po narodení Krista Pána ...

Bibliographic Details
Other Authors: Mnoheľ, Štefan, 1876-1944 (Compiler), Grebáč-Orlov, Ignác, 1888-1957 (Compiler), Prídavok, Peter, 1902-1966 (Compiler), Sidor, Karol, 1901-1953 (Compiler)
Format: Serial
Language:Slovak
PhysicalDescription:9 zv. ilustr. 23-26 cm
Published: V Ružomberku Leo [1919-1928]
V Ružomberku Lev
[S.l.] [s.n.]
[S.l.]
[S.l.]
Subjects:

MARC

LEADER 00000cas a2200000 a 4500
001 vtls010428157
003 SK-MaSNL
005 20260228160349.0
008 200401d19191928xo ar| 5 0 b0slo
040 |a SVKBB  |b slo  |c SVKBB  |d SNK  |e AACR2 
041 0 |a slo 
044 |a xo  |c SK 
072 7 |a 050  |x Seriálové publikácie. Periodiká  |2 konspekt 
080 |a (059)  |2 2011 
080 |a 050  |2 2001 
245 0 0 |a Kalendár Slovák-a pre slovenský ľud na priestupný, ... dní majúci rok po narodení Krista Pána ... 
246 1 3 |a Kalendár Slováka pre slovenský ľud na obyčajný, ... dní majúci rok po narodení Krista Pána ...  |f 1921  |f 1922  |f 1923 
246 1 3 |a Kalendár Slovák-a na priestupný rok po narodení Krista Pána ...  |f 1924  |f 1928 
246 1 4 |a Kalendár Slovák-a ...  |f 1920 
246 1 4 |a Kalendár Slovák-a na rok ...  |f 1924  |f 1927  |f 1928 
246 1 3 |a Kalendár Slováka na obyčajný rok po narodení Krista Pána ...  |f 1926 
246 1 4 |a Kalendár Slováka na obyčajný rok ...  |f 1921  |f 1922 
246 1 4 |a Kalendár Slováka na priestupný rok ...  |f 1923 
246 1 4 |a Kalendár Slováka na rok ...  |f 1926 
246 1 3 |a Kalendár Slováka na obyčajný, ... dní majúci rok po narodení Krista Pána ...  |f 1929 
260 |a V Ružomberku  |b Leo  |c [1919-1928]  |e V Ružomberku  |f Leo 
260 2 |3 [1921]-1922  |a V Ružomberku  |b Lev  |e V Ružomberku  |f Lev 
260 2 |3 1923  |a [S.l.]  |b [s.n.]  |e V Bratislave  |f Slovenská Grafia 
260 2 |3 1925-1927  |a [S.l.]  |b [s.n.]  |e V Bratislave  |f Unia 
260 3 |3 [1928]  |a [S.l.]  |b [s.n.]  |e Bratislava  |f Jednota 
300 |a 9 zv.  |b ilustr.  |c 23-26 cm 
310 |a 1x ročne 
362 0 |a Roč. I (1920)-1929 
500 |a Zostavili: r. 1920 Štefan Mnoheľ, r. 1921-1923 I. Grebáč-Orlov, r. 1927, 1929 Peter Prídavok, r. 1928 Karol Sidor 
500 |a V r. 1924, 1929 rozmer zv. 23 cm 
500 |a Chýba Kalendár na r. 1925 
500 |a V r. 1926 rozmer zv. 26 cm 
500 |a V r. 1928 rozmer zv. 25 cm 
500 |a Súčasťou názvu je označenie počtu dní a kalendárneho roku 
504 |a Zoznamy, poznámky 
655 7 |a textové kalendáre  |2 SNKPH  |9 60816 
655 7 |a Text calendars  |2 SNKPHeng  |9 265087 
700 1 |a Mnoheľ, Štefan,  |d 1876-1944  |4 com  |9 257296 
700 1 |a Grebáč-Orlov, Ignác,  |d 1888-1957  |4 com  |9 134933 
700 1 |a Prídavok, Peter,  |d 1902-1966  |4 com  |9 99406 
700 1 |a Sidor, Karol,  |d 1901-1953  |4 com  |9 110468 
752 |a Slovensko  |d Ružomberok 
852 |a Štátna vedecká knižnica v Banskej Bystrici 
910 |a snk 
910 |a snmk 
916 |a 1920-1924, 1926-1929 
999 |c 2274  |d 4204 
952 |0 0  |1 0  |4 0  |7 0  |a SNK  |b SNK  |d 2000-10-19  |f 1  |i snk 3068/28  |l 0  |o snkČSB 93/3/1922  |p 17A0254492  |r 2005-01-02 00:00:00  |w 2026-02-21  |y PREZ 
952 |0 0  |1 0  |4 0  |7 0  |a SNK  |b SNK  |d 2000-10-19  |f 1  |i snk 3069/28  |l 0  |o snkČSB 93/1928  |p 17A0254508  |r 2005-01-02 00:00:00  |w 2026-02-21  |y PREZ 
952 |0 0  |1 0  |4 0  |7 0  |8 5  |a SNK  |b SNK  |d 2000-10-19  |f 1  |i snkF 3205/79  |l 0  |o snkČSB 93/1/1920  |p 17A1266960  |r 2005-01-02 00:00:00  |w 2026-02-21  |y PREZ 
952 |0 0  |1 0  |4 0  |7 0  |a SNK  |b SNK  |d 2000-10-19  |i snk 944/30  |l 0  |o snkČSB 93/2/1921 D1  |p 17A0254593  |r 2005-01-02 00:00:00  |w 2026-02-21  |y PREZ  |z Chýbajú: Zoznam výročitých trhov a inzercia 
952 |0 0  |1 0  |4 0  |7 0  |a SNK  |b SNK  |d 2000-10-19  |f 1  |i snk 3067/28  |l 0  |o snkČSB 93/1924  |p 17A0254494  |r 2005-01-02 00:00:00  |w 2026-02-21  |y PREZ  |z Od r. 1924 neuvádzajú ročník 
952 |0 0  |1 0  |4 0  |7 0  |8 5  |a SNK  |b SNK  |d 2000-10-19  |f 1  |i snkF 3204/79  |l 0  |o snkČSB 93/4/1923  |p 17A0254500  |r 2005-01-02 00:00:00  |w 2026-02-21  |y PREZ 
952 |0 0  |1 0  |4 0  |7 0  |a SNK  |b SNK  |d 2000-10-19  |f 1  |i snk 1007/54  |l 0  |o snkČSB 93/1926  |p 17A1266959  |r 2005-01-02 00:00:00  |w 2026-02-21  |y PREZ 
952 |0 0  |1 0  |4 0  |7 0  |a SNK  |b SNK  |d 2000-10-19  |i snk 1892/32  |l 0  |o snkČSB 93/1927 D1  |p 17A0254507  |r 2005-01-02 00:00:00  |w 2026-02-21  |y PREZ  |z Chýbajú str. 102-128 
952 |0 0  |1 0  |4 0  |7 0  |a SNK  |b SNK  |d 2000-10-19  |f 1  |i snk 348/30  |l 0  |o snkČSB 93/1929  |p 17A0254509  |r 2005-01-02 00:00:00  |w 2026-02-21  |y PREZ 
952 |0 0  |1 0  |4 0  |7 0  |a SNK  |b SNK  |d 2017-12-13  |i snk 3066/23  |l 0  |o snkČSB 93/1/1920 D1  |p 17A0254589  |r 2026-02-21 22:18:43  |w 2026-02-21  |y PREZ 
952 |0 0  |1 0  |4 0  |7 0  |a SNK  |b SNK  |d 2017-12-14  |i snk 945/30  |l 0  |o snkČSB 93/1926 D1  |p 17A0254506  |r 2026-02-21 22:18:56  |w 2026-02-21  |y PREZ  |z Chýbajú str. 94-127 
952 |0 0  |1 0  |4 0  |7 0  |a SNK  |b SNK  |d 2017-12-14  |f 1  |i snk 1008/54  |l 0  |o snkČSB 93/1927  |p 17A1266958  |r 2026-02-21 22:18:56  |w 2026-02-21  |y PREZ 
952 |0 0  |1 0  |4 0  |7 0  |8 5  |a SNK  |b SNK  |d 2017-12-14  |f 1  |i snkF 3206/79  |l 0  |o snkČSB 93/2/1921  |p 17A1266957  |r 2026-02-21 22:18:56  |w 2026-02-21  |y PREZ 
952 |0 0  |1 0  |4 0  |7 0  |8 5  |a SNK  |b SNK  |d 2017-12-14  |i snkF 3207/79  |l 0  |o snkČSB 93/3/1922 D1  |p 17A1266956  |r 2026-02-21 22:18:56  |w 2026-02-21  |y PREZ 
952 |0 0  |1 0  |4 0  |7 0  |8 5  |a SNK  |b SNK  |d 2017-12-14  |i snkF 2277/67  |l 0  |o snkČSB 93/1924 D1  |p 17A1266955  |r 2026-02-21 22:18:59  |w 2026-02-21  |y PREZ 
952 |0 0  |1 0  |4 0  |7 0  |a SNK  |b SNK  |d 2017-12-14  |l 0  |o snkČSB 93/1928 D1  |p 17A1266954  |r 2026-02-21 22:18:59  |w 2026-02-21  |y PREZ 
952 |0 0  |1 0  |4 0  |7 0  |8 5  |a SNK  |b SNK  |d 2017-12-14  |i snkF 1895/68  |l 0  |o snkČSB 93/1929 D1  |p 17A1266953  |r 2026-02-21 22:19:00  |w 2026-02-21  |y PREZ 
952 |0 0  |1 0  |4 0  |7 0  |8 7  |a SNKLM  |b SNKLM  |d 2005-08-30  |i snklm224/80  |l 0  |o snklmMK 1965  |r 2026-02-21 22:31:57  |w 2026-02-21  |y NEVYP